रास्ता तो है.../ (Record no. 14439)

MARC details
000 -LEADER
fixed length control field 01067nam a22002417a 4500
005 - DATE AND TIME OF LATEST TRANSACTION
control field 20080616115656.0
008 - FIXED-LENGTH DATA ELEMENTS--GENERAL INFORMATION
fixed length control field 080616t xxu||||| |||| 00| f hin d
010 ## - LIBRARY OF CONGRESS CONTROL NUMBER
LC control number HIN-83834
020 ## - INTERNATIONAL STANDARD BOOK NUMBER
Terms of availability 150.00
International Standard Book Number 9788190438445
035 ## - SYSTEM CONTROL NUMBER
System control number HN-56180
037 ## - SOURCE OF ACQUISITION
Source of stock number/acquisition DBAD / PUB
040 ## - CATALOGING SOURCE
Original cataloging agency DPL
Language of cataloging HN
082 ## - DEWEY DECIMAL CLASSIFICATION NUMBER
Classification number
100 ## - MAIN ENTRY--PERSONAL NAME
Personal name द्विवेदी, पुष्कर
245 ## - TITLE STATEMENT
Title रास्ता तो है.../
Statement of responsibility, etc पुष्कर द्विवेदी
246 ## - VARYING FORM OF TITLE
Title proper/short title Rasta to hai
Remainder of title by Pushkar Dwivedi
260 ## - PUBLICATION, DISTRIBUTION, ETC. (IMPRINT)
Place of publication, distribution, etc इलाहाबाद
Name of publisher, distributor, etc एकता प्रकाशन
Date of publication, distribution, etc 2007
270 ## - ADDRESS
Address अलोपीबाग कालोनी
City इलाहाबाद
Postal code 211006
300 ## - PHYSICAL DESCRIPTION
Extent 132पृ
Dimensions 22सेमी(सजिल्द)
650 ## - SUBJECT ADDED ENTRY--TOPICAL TERM
Topical term or geographic name as entry element Hindi Novels
942 ## - ADDED ENTRY ELEMENTS (KOHA)
Koha item type Hindi Books
Source of classification or shelving scheme Dewey Decimal Classification
Classification part
Call number suffix द्विवेदी
Holdings
Withdrawn status Lost status Damaged status Not for loan Collection code Home library Current library Date acquired Source of acquisition Cost, normal purchase price Total Checkouts Full call number Barcode Date last seen Copy number Cost, replacement price Price effective from Koha item type
      Not For Loan Non-fiction D.B.Act.Division D.B.Act.Division 11/07/2008 पु.प्र.अ.प्र /प्रका 150.00   उ द्विवेदी HN-56180 15/09/2008 1 150.00 15/09/2008 Hindi Books

© Delhi Public Library
Hit Counter
free hit counter